Open Data Biblioteca Nacional de Portugal


República Portuguesa: Ministério da Cultura
Biblioteca Nacional de Portugal

Catálogo da BNP: acesso por Identificadores Unívocos
Registos Bibliográficos associados ao registo de autoridade

Etiqueta de registo: 00714ckm 2200217 450
001 731661
003 http://id.bnportugal.gov.pt/bib/catbnp/731661
005 19990108000000.0
095 ## $aPTBN00518877
100 ## $a19940818d1993 am y0pory0103 ba
101 0# $apor
102 ## $aPT
200 1# $aVir ver viver$bVisual gráfico]$eexposição ambiente e indústria$fGoethe-Institut, C. M. Lisboa - Ambiente$gdesign Barbara Lehmann
210 #9 $aLisboa$cG.I.,$d1993
215 ## $a1 cartaz$ccolor.$d43x30 cm
317 ## $aColeção Madeira Luís$5PTBN: CT. 14176 V.
675 ## $a504(084.5)$vBN$zpor$3489450
675 ## $a061.4(469.411Lisboa)"1993"(084.5)$vBN$zpor$3516458
675 ## $a766(=1:469)"199"(084.5)$vBN$zpor$31285670
702 #1 $aLehmann,$bBarbara$4410$3142066
710 02 $aInstituto Alemão$c(Lisboa)$311943
711 01 $aLisboa.$bCâmara Municipal$4070$312676
801 #0 $aPT$bBN$gRPC
966 ## $lBN$mICONOG$sCT. 4524 V.$x3
966 ## $lBN$mICONOG$sCT. 14176 V.$x3

Etiqueta de registo: 00254nam 2200025 450
001 2285273
003 http://id.bnportugal.gov.pt/bib/catbnp/2285273
010 ## $a978-989-33-8644-6
021 ## $aPT$b556470/25
100 ## $a20260426d2025 m y0pory01030103ba
101 1# $apor
102 ## $aPT
105 ## $aa z 000yy
106 ## $ar
200 1# $aRaízes em trânsito$ePortugal - anos 90$ffot. e texto Barbara Lehmann$gtrad. Martina Merklin
210 #9 $aLisboa$cBesign,$d2025
215 ## $a[232] p.$cil.$d18 cm
675 ## $a908(469)"199"$vBN$zpor$32001433
675 ## $a316.347(=1:469)"199"$vBN$zpor$32001432
675 ## $a77.03$vBN$zpor$3290160
700 #1 $aLehmann,$bBarbara$3142066
702 #1 $aMerklin,$bMartina Dorothee$4730$3904572
801 #0 $aPT$bBN$gRPC
856 41 $uhttp://rnod.bnportugal.gov.pt/ImagesBN/winlibimg.aspx?skey=&doc=2285273&img=223668&save=true
966 ## $lBN$mFGMON$sH.G. 43163 P.$x1
966 ## $lBN$mFGMON$sH.G. 43163 P.-D$x1
971 ## $ciquintas$d20260427
973 ## $cigoulao$d20260623

OpendataBNP@bnportugal.pt | Mais informação sobre acesso aos dados BNP